Landen van Oceanië - Statistieken

Algemene statistieken
  • Deze quiz is 2.653 keer genomen
  • De gemiddelde score is 10 van 14
Antwoorden op de kaart
Antwoorden kleurgecodeerd door een groen-rode schaal op de quizkaart volgens % correct hieronder.
 
Antwoordstatistieken
Land % Correct
Australië
99%
Nieuw-Zeeland
97%
Papoea-Nieuw-Guinea
81%
Fiji
80%
Marshalleilanden
68%
Salomonseilanden
67%
Micronesia
65%
Tuvalu
64%
Kiribati
61%
Palau
61%
Samoa
57%
Tonga
57%
Nauru
56%
Vanuatu
56%
Geen overeenkomende quizzen gevonden
Scoreverdeling
Procent van Mensen met Elke Score
Percentiel versus Aantal Correcte Antwoorden
Uw Scoregeschiedenis
U heeft deze quiz nog niet genomen